Fare i genitori (Record no. 210796)

MARC details
000 -LEADER
fixed length control field 01437nam a2200205Ia 4500
001 - CONTROL NUMBER
control field b6265-44258
003 - CONTROL NUMBER IDENTIFIER
control field IT-MiCISF
008 - FIXED-LENGTH DATA ELEMENTS--GENERAL INFORMATION
fixed length control field 161014s9999||||xx |||||||||||||| ||und||
040 ## - CATALOGING SOURCE
Original cataloging agency IT-MiCISF
Transcribing agency IT-MiCISF
041 ## - LANGUAGE CODE
Language code of text/sound track or separate title it
999 ## - SYSTEM CONTROL NUMBERS (KOHA)
Koha Dewey Subclass [OBSOLETE] si
100 ## - MAIN ENTRY--PERSONAL NAME
Personal name Vallorani Maria Grazia
245 #0 - TITLE STATEMENT
Title Fare i genitori
250 ## - EDITION STATEMENT
Edition statement 1a ed.
260 ## - PUBLICATION, DISTRIBUTION, ETC. (IMPRINT)
Place of publication, distribution, etc. Roma
Name of publisher, distributor, etc. Armando
Date of publication, distribution, etc. 2007
300 ## - PHYSICAL DESCRIPTION
Extent pp. 126
500 ## - GENERAL NOTE
General note / educazione-bambini, crescita-bambini, educazione-genitori, madre, padre / Questo libro è un piccolo contributo, chiaro e sintetico, finalizzato a sostenere i genitori a svolgere il proprio compito. L'A., psicologo e psicoterapeuta nella Unità Multidisciplinare dell'Età Evolutiva di Fermo, aiuta i genitori a comprendere lo sviluppo psicofisico del proprio figlio, i bisogni e le difficoltà nella fatica della crescita. I genitori vengono anche aiutati a riconoscere e a saper accettare le proprie difficoltà specifiche relative alle diverse fasi evolutive.Viene chiarita la funzione dei genitori e cosa si intende per funzione materna e paterna servendosi di immagini, di riferimenti concreti e di simboli. Nella parte dedicata alla Scuola dei genitori, l'A. indica in modo pratico come i genitori possono sviluppare il pensiero, il sentimento, la fantasia, l'intuizione, la morale e la spiritualità nei loro figli.
650 ## - SUBJECT ADDED ENTRY--TOPICAL TERM
Topical term or geographic name as entry element Genitorialità e problemi educativi / genitorialità
Relator term 004
942 ## - ADDED ENTRY ELEMENTS (KOHA)
Koha item type LIBRO
957 ## -
-- 1
999 ## - SYSTEM CONTROL NUMBERS (KOHA)
-- 1
Holdings
Withdrawn status Lost status Damaged status Not for loan Home library Current library Date acquired Total Checkouts Full call number Date last seen Price effective from Koha item type Public note
    Buone Condizioni Not For Loan CISF - Milano CISF - Milano 14/10/2016   b6265-44258 14/10/2016 14/10/2016 LIBRO Data import 15.10.2016 / by Epidotti, Vaglietti
CREDITS: SOCIETA' SAN PAOLO Via A.Severo, 58 - ROMA (RM) & PERIODICI SAN PAOLO SRL Via Giotto, 36 MILANO & CISF Via Giotto, 36 MILANO & EDIZIONI SAN PAOLO SRL,  Piazza Soncino, 5 CINISELLO BALSAMO (MI) -- ITALY